Catálogo
 En Linea

Poema para un desconocido / (Registro nro. 5936)

Detalles MARC
000 -CABECERA
campo de control de longitud fija 00589cam a22002171a 4500
001 - NÚMERO DE CONTROL
campo de control 000006140
005 - FECHA Y HORA DE LA ÚLTIMA TRANSACCIÓN
campo de control 20200929151940.0
008 - DATOS DE LONGITUD FIJA--INFORMACIÓN GENERAL
campo de control de longitud fija 860531s1961 ag 000 p spa
010 ## - NÚMERO DE CONTROL DE LA BIBLIOTECA DEL CONGRESO
Número de control de LC 63033003
035 ## - NÚMERO DE CONTROL DEL SISTEMA
Número de control de sistema (OCoLC)13671981
040 ## - FUENTE DE LA CATALOGACIÓN
Centro catalogador/agencia de origen DO-SdBNP
Centro/agencia transcriptor RQA
Centro/agencia modificador DLC
041 ## - CÓDIGO DE LENGUA
Código de lengua del texto/banda sonora o título independiente BNGR
042 ## - CÓDIGO DE AUTENTICACIÓN
Código de autenticación premarc
050 00 - SIGNATURA TOPOGRÁFICA DE LA BIBLIOTECA DEL CONGRESO
Número de clasificación PQ7797.D3975
Número de documento/Ítem P6
082 ## - NÚMERO DE LA CLASIFICACIÓN DECIMAL DEWEY
Número de clasificación xxx
Número de documento/Ítem D448c
100 1# - ENTRADA PRINCIPAL--NOMBRE DE PERSONA
Nombre de persona Descotte, Mario Luis
9 (RLIN) 17269
245 10 - MENCIÓN DE TÍTULO
Título Poema para un desconocido /
Mención de responsabilidad, etc. Mario Luis Descotte.
260 ## - PUBLICACIÓN, DISTRIBUCIÓN, ETC.
Lugar de publicación, distribución, etc. Buenos Aires :
Nombre del editor, distribuidor, etc. Galatea,
Fecha de publicación, distribución, etc. 1961.
300 ## - DESCRIPCIÓN FÍSICA
Extensión 76 p. ;
Dimensiones 21 cm.
910 ## - DATOS DE OPCIÓN DEL USUARIO (OCLC)
Datos de opción del usuario Catalogación por copia / LC
Existencias
Estado de retiro Estado de pérdida Restricciones de uso No para préstamo Código de colección Localización permanente Ubicación/localización actual Ubicación en estantería Fecha de adquisición Número de inventario Total de préstamos Signatura topográfica completa Código de barras Fecha visto por última vez Precio válido a partir de Tipo de ítem Koha Número de copia
    Préstamo interno Préstamo restrigido Monografías: Libros y Folletos General General En encuadernación 26.08.2009 LF1   xxx D448c 6140-10 25.06.2020 25.06.2020 Préstamo interno  
    Préstamo interno Préstamo restrigido Monografías: Libros y Folletos General General En encuadernación 24.05.2010 LF1   xxx D448c 6140-20 25.06.2020 25.06.2020 Préstamo interno e.2

Con tecnología Koha